[Event "Karpos Open 2013"]
[Site "Skopje MKD"]
[Date "2013.03.13"]
[Round "6.44"]
[White "Codenotti, Marco"]
[Black "Jankov, Dejan"]
[Result "1-0"]
[WhiteTitle "FM"]
[WhiteElo "2402"]
[BlackElo "2207"]
[WhiteFideId "800015"]
[BlackFideId "15000931"]
[EventDate "2013.03.09"]

1. e4 e5 2. Nf3 Nf6 3. Nxe5 d6 4. Nf3 Nxe4 5. d4 d5 6. Bd3 Nc6 7. O-O Be7 8. Nc3
Nxc3 9. bxc3 Bg4 10. Re1 O-O 11. Bf4 Bf6 12. Rb1 b6 13. Re3 Ne7 14. h3 Bxf3 15.
Qxf3 Ng6 16. Bg3 c5 17. dxc5 bxc5 18. Ba6 d4 19. Ree1 Qa5 20. Bc4 dxc3 21. Rb7
Rac8 22. Bd6 Qa4 23. Bb3 Qd4 24. Bxf8 c4 25. Rd1 cxb3 26. Rxd4 bxc2 27. Ba3 1-0

[Event "Karpos Open 2013"]
[Site "Skopje MKD"]
[Date "2013.03.13"]
[Round "6.45"]
[White "Ashiku, Franc"]
[Black "Nenezic, Marko"]
[Result "1/2-1/2"]
[BlackTitle "IM"]
[WhiteElo "2202"]
[BlackElo "2394"]
[WhiteFideId "4700066"]
[BlackFideId "912123"]
[EventDate "2013.03.09"]

1. e4 c5 2. Nf3 d6 3. d4 cxd4 4. Nxd4 Nf6 5. Nc3 a6 6. Be3 e5 7. Nb3 Be6 8. h3
Nbd7 9. f4 Rc8 10. Qf3 b5 11. O-O-O Qc7 12. Rd2 h5 13. g3 Nb6 14. f5 Bd7 15.
Bxb6 Qxb6 16. Nd5 Nxd5 17. Rxd5 h4 18. g4 Be7 19. Kb1 Bg5 20. Be2 Ke7 21. Rhd1
Rc6 22. Qd3 Rb8 23. Na5 Rbc8 24. Nxc6+ Rxc6 25. Qa3 f6 26. R5d3 b4 27. Qb3 a5
28. Qg8 Qc5 29. c4 Qxc4 30. Qxc4 Rxc4 31. Rxd6 Rc7 32. Bc4 Be3 33. b3 Bd4 34.
R1xd4 exd4 35. Rxd4 Bc6 36. Kc2 Rd7 37. Kd3 Rxd4+ 38. Kxd4 Kd6 39. Bd3 Bb7 40.
Bb5 Ba8 41. Be2 Bb7 42. Bc4 Bc8 43. Bb5 Bb7 44. g5 Ba8 45. Bc4 Bc6 46. Bd3 Bb7
47. Bc4 Bc6 48. Be2 Bb7 49. Bf1 Bc6 50. Ba6 Bd7 51. Be2 Bc6 52. Bf1 Bb7 1/2-1/2

[Event "Karpos Open 2013"]
[Site "Skopje MKD"]
[Date "2013.03.13"]
[Round "6.46"]
[White "Goryachkina, Aleksandra"]
[Black "Cherednichenko, Elena"]
[Result "1-0"]
[WhiteTitle "WGM"]
[BlackTitle "WFM"]
[WhiteElo "2386"]
[BlackElo "2175"]
[WhiteFideId "4147103"]
[BlackFideId "14105560"]
[EventDate "2013.03.09"]

1. d4 d5 2. c4 e6 3. g3 Nf6 4. Bg2 c6 5. Nd2 Nbd7 6. Ngf3 Bd6 7. O-O O-O 8. b3
b6 9. Bb2 Bb7 10. Re1 Re8 11. Ne5 c5 12. Nxd7 Nxd7 13. cxd5 exd5 14. dxc5 Nxc5
15. b4 Ne6 16. Qb3 Qe7 17. a3 Rac8 18. Rac1 Red8 19. Nf3 Ba6 20. b5 Bb7 21. Bh3
Bc5 22. Qd3 f6 1-0

[Event "Karpos Open 2013"]
[Site "Skopje MKD"]
[Date "2013.03.13"]
[Round "6.47"]
[White "Mitkovski, Zarko"]
[Black "Kanmazalp, Ogulcan"]
[Result "0-1"]
[BlackTitle "IM"]
[WhiteElo "2170"]
[BlackElo "2372"]
[WhiteFideId "15000150"]
[BlackFideId "6304990"]
[EventDate "2013.03.09"]

1. e4 c5 2. Nf3 e6 3. d4 cxd4 4. Nxd4 Nc6 5. Be3 Nf6 6. Nc3 Bb4 7. Bd3 d5 8. O-O
O-O 9. Nxc6 bxc6 10. e5 Nd7 11. Qg4 Qe7 12. Bg5 f6 13. Qh5 h6 14. Qg6 Nxe5 15.
Qh7+ Kf7 16. Bxh6 Rg8 17. Bf4 Nxd3 18. Qxd3 e5 19. Bd2 a5 20. Rfe1 Ba6 21. Qg3
g5 22. a3 Bd6 23. Qg4 Rh8 24. Qa4 e4 25. g3 Qe6 26. Qxc6 Qh3 27. Qxd5+ Kg7 0-1

[Event "Karpos Open 2013"]
[Site "Skopje MKD"]
[Date "2013.03.13"]
[Round "6.48"]
[White "Ali Marandi, Cemil Can"]
[Black "Stamnov, Aleksander"]
[Result "1-0"]
[WhiteTitle "FM"]
[BlackTitle "FM"]
[WhiteElo "2371"]
[BlackElo "2156"]
[WhiteFideId "6300529"]
[BlackFideId "15000664"]
[EventDate "2013.03.09"]

1. e4 e5 2. Nf3 Nf6 3. Nxe5 d6 4. Nf3 Nxe4 5. d4 d5 6. Bd3 Nc6 7. O-O Bg4 8. Re1
Be7 9. c3 f5 10. Nbd2 O-O 11. Nf1 Kh8 12. Be2 f4 13. h3 Bh5 14. N3d2 Bg6 15. Bf3
Ng5 16. Qb3 Nxf3+ 17. Nxf3 Rb8 18. N1h2 Bh5 19. Ne5 g5 20. Nhg4 Nxe5 21. Nxe5 c6
22. Bd2 Bd6 23. c4 dxc4 24. Qxc4 Bxe5 25. Rxe5 Bf7 26. Qc2 Bd5 27. Rae1 Qf6 28.
Bb4 Rg8 29. Be7 Qh6 30. Qf5 Rg6 31. Rxd5 1-0

[Event "Karpos Open 2013"]
[Site "Skopje MKD"]
[Date "2013.03.13"]
[Round "6.49"]
[White "Petkovski, Vlatko"]
[Black "Vujic, Mihailo"]
[Result "0-1"]
[WhiteTitle "FM"]
[BlackTitle "FM"]
[WhiteElo "2158"]
[BlackElo "2361"]
[WhiteFideId "15000273"]
[BlackFideId "918873"]
[EventDate "2013.03.09"]

1. e4 e5 2. Nf3 Nc6 3. Bc4 Nf6 4. d3 Be7 5. c3 O-O 6. O-O d6 7. h3 Kh8 8. Re1
Ng8 9. d4 f5 10. exf5 d5 11. Bf1 e4 12. Nh2 Bxf5 13. Be3 Bd6 14. Qh5 Bg6 15. Qe2
Nge7 16. Ng4 Nf5 17. Bd2 Nh4 18. Na3 a6 19. Nc2 h5 20. Nh2 Qf6 21. Be3 Nf5 22.
Bd2 Rae8 23. Rac1 Re7 24. b4 Ref7 25. Red1 Nh4 26. Be3 Ne7 27. Qd2 Nhf5 28. Bg5
Qe6 29. Re1 Qd7 30. Rcd1 c6 31. Qe2 Qc7 32. g3 h4 33. Qg4 hxg3 34. fxg3 Bxg3 35.
Re2 Nh6 36. Bxh6 gxh6 37. Rg2 Bxh2+ 38. Rxh2 Rxf1+ 0-1

[Event "Karpos Open 2013"]
[Site "Skopje MKD"]
[Date "2013.03.13"]
[Round "6.52"]
[White "Ozkan, Ervin"]
[Black "Pancevski, Filip"]
[Result "1/2-1/2"]
[BlackTitle "IM"]
[WhiteElo "2184"]
[BlackElo "2515"]
[WhiteFideId "6306004"]
[BlackFideId "15002187"]
[EventDate "2013.03.09"]

1. d4 c5 2. c3 Nf6 3. Nf3 b6 4. Bf4 Bb7 5. h3 e6 6. e3 Be7 7. Nbd2 O-O 8. Bd3
Nc6 9. Qe2 Re8 10. O-O Bf8 11. Bh2 d6 12. Rfd1 cxd4 13. cxd4 Rc8 14. a3 Re7 15.
e4 Rd7 16. Bb5 Rdc7 17. e5 dxe5 18. dxe5 Nd5 19. Ne4 Na5 20. Rab1 Bc6 21. Ba6
Ba4 22. Bxc8 Bxd1 23. Rxd1 Qxc8 24. Nd6 Qd7 25. Nd4 Nb7 26. N6b5 Rc5 27. Nxa7
Nc7 28. Ndb5 Rd5 29. Rxd5 Nxd5 30. Bg3 Be7 31. Qc4 Na5 32. Qc2 h5 33. b4 Nb7 34.
h4 g5 35. hxg5 Bxg5 36. Qd1 Nf6 37. Qxd7 Nxd7 38. f4 Bh6 39. Kf2 f6 40. Kf3 Nd8
41. Nd6 fxe5 42. fxe5 Bg5 43. Ke4 Bc1 44. Nc4 Nf7 45. Nb5 Bg5 46. Bf2 Bd8 47.
Be3 Ng5+ 48. Bxg5 Bxg5 49. Nbd6 Bh4 50. Nb2 Kf8 51. Nd3 Ke7 52. Nc4 Bg3 53. a4
h4 54. Ne3 Bh2 55. Nc2 Nb8 56. Nd4 Na6 57. Nb5 Nb8 58. Nd6 Bg1 59. Ne1 Nc6 60.
Nf3 Bf2 61. b5 Nb4 62. Nd4 Nd5 63. Nc6+ Kd7 64. a5 bxa5 65. Nxa5 Nc3+ 66. Kd3
Nd5 67. Nac4 Bg3 68. Ke4 Nc3+ 69. Kd3 Nd5 70. Ke4 Nc3+ 71. Kd4 Ne2+ 72. Ke3 Nc3
73. b6 Bxe5 74. Nb7 Bh2 75. Nc5+ Kc6 76. Nxe6 Nd5+ 77. Ke4 Nxb6 78. Nd4+ Kc7 79.
Nxb6 Kxb6 80. Nf5 Kc6 81. Nxh4 Kd7 82. Kf5 Bg3 83. Ng6 Ke8 84. Nf4 Kf7 85. Nh5
Be1 86. g4 Bd2 87. Nf6 Bc1 88. Nh5 Bh6 89. Ng3 Bd2 90. Ne4 Bc1 1/2-1/2

[Event "Karpos Open 2013"]
[Site "Skopje MKD"]
[Date "2013.03.13"]
[Round "6.54"]
[White "Atanasov, Radislav"]
[Black "Stella, Andrea"]
[Result "0-1"]
[BlackTitle "IM"]
[WhiteElo "2147"]
[BlackElo "2477"]
[WhiteFideId "2901471"]
[BlackFideId "827061"]
[EventDate "2013.03.09"]

1. e4 e6 2. d4 d5 3. Nc3 Nf6 4. Bg5 Bb4 5. exd5 Qxd5 6. Nf3 Ne4 7. Bd2 Bxc3 8.
bxc3 Nxd2 9. Qxd2 Bd7 10. c4 Qd6 11. c5 Qe7 12. Be2 Nc6 13. O-O b6 14. d5 exd5
15. cxb6 cxb6 16. Qxd5 O-O 17. Rfe1 Rad8 18. h4 Nb4 19. Qb3 Qc5 20. c3 Nc6 21.
Ng5 h6 22. Ne4 0-1

[Event "Karpos Open 2013"]
[Site "Skopje MKD"]
[Date "2013.03.13"]
[Round "6.55"]
[White "Peczely, Sebastian Zsombor"]
[Black "Valsecchi, Alessio"]
[Result "0-1"]
[BlackTitle "IM"]
[WhiteElo "2072"]
[BlackElo "2435"]
[WhiteFideId "750964"]
[BlackFideId "818860"]
[EventDate "2013.03.09"]

1. e4 e5 2. Nf3 Nc6 3. Bb5 a6 4. Ba4 Nf6 5. O-O b5 6. Bb3 Bc5 7. d3 d6 8. c3 h6
9. Be3 O-O 10. h3 Bb6 11. Bxb6 cxb6 12. Re1 Ne7 13. Nbd2 Ng6 14. Nf1 Be6 15. Ng3
Qd7 16. d4 Rad8 17. Bxe6 fxe6 18. dxe5 dxe5 19. Qb3 Qc6 20. h4 Nd7 21. h5 Nf4
22. Rad1 Qc7 23. Qc2 Rf7 24. Rd2 Rdf8 25. Re3 Nf6 26. Qd1 Ng4 27. Re1 Qc5 28.
Rf1 Nxg2 29. Kxg2 Rxf3 30. Nf5 Rf4 31. Qb3 Rf6 32. f3 R4xf5 33. exf5 Ne3+ 34.
Kf2 Nxf1+ 35. Kxf1 Qe3 36. Rf2 Qd3+ 37. Ke1 Qxf5 0-1

[Event "Karpos Open 2013"]
[Site "Skopje MKD"]
[Date "2013.03.13"]
[Round "6.56"]
[White "Yurtseven, Melih"]
[Black "Stanojoski, Zvonko"]
[Result "1-0"]
[BlackTitle "GM"]
[WhiteElo "2135"]
[BlackElo "2413"]
[WhiteFideId "6312160"]
[BlackFideId "15000257"]
[EventDate "2013.03.09"]

1. d4 d5 2. Bf4 e6 3. Nf3 Bd6 4. Bg3 c5 5. e3 Nc6 6. c3 Nf6 7. Bd3 O-O 8. Nbd2
h6 9. Ne5 Bxe5 10. dxe5 Nd7 11. Nf3 Qb6 12. Qe2 a5 13. Rd1 a4 14. a3 Rd8 15. h4
Ra5 16. c4 Nf8 17. O-O Ra8 18. h5 dxc4 19. Bxc4 Na5 20. Rxd8 Qxd8 21. Rd1 Qc7
22. Ba2 b6 23. Rd6 Ba6 24. Qd1 Bc4 25. Bb1 Bb3 26. Qe2 Nc4 27. Rd3 Rd8 28. Nh2
Na5 29. Ng4 Rxd3 30. Bxd3 Qd8 31. f4 c4 32. Nxh6+ gxh6 33. Qg4+ Ng6 34. Bxg6
Qd1+ 35. Qxd1 Bxd1 36. Be4 Bxh5 37. Be1 Nb3 38. Bb4 Bd1 39. Kf2 Nc1 40. Ke1 Bb3
41. Bc3 Nd3+ 42. Kd2 Kf8 43. Bd4 Ke7 44. Bc6 Nc5 45. Kc3 1-0

[Event "Karpos Open 2013"]
[Site "Skopje MKD"]
[Date "2013.03.13"]
[Round "6.58"]
[White "Ilic, Slobodan R"]
[Black "Dinev, Dejan"]
[Result "0-1"]
[BlackTitle "FM"]
[WhiteElo "2052"]
[BlackElo "2357"]
[WhiteFideId "941832"]
[BlackFideId "15000095"]
[EventDate "2013.03.09"]

1. c4 e5 2. Nc3 Nc6 3. g3 f5 4. Bg2 Nf6 5. d3 Bb4 6. a3 Bxc3+ 7. bxc3 O-O 8. Nf3
d6 9. O-O Kh8 10. Rb1 Qe8 11. e3 e4 12. Ne1 Ne5 13. f4 Nc6 14. d4 Na5 15. Qe2 c5
16. Rb5 b6 17. a4 Ba6 18. Nc2 Bxb5 19. axb5 Qf7 20. Na3 cxd4 21. cxd4 Rac8 22.
d5 Qh5 23. Qa2 Rc7 24. Bd2 Qe2 25. Re1 Qd3 26. Bf1 Qb3 27. Qxb3 Nxb3 28. Bb4 Rd8
29. h3 Kg8 30. Rd1 Nc5 31. Be2 Nd3 32. Bxd3 exd3 33. Rxd3 Ne4 34. Kg2 Rdc8 35.
Rd4 g6 36. Kf3 Kf7 37. g4 h5 38. g5 h4 39. Kg2 Ke7 40. Be1 a6 41. bxa6 Ra7 42.
Bb4 Rxa6 43. Rd3 Ra4 44. Rb3 Rca8 45. Kf1 Rxb4 46. Rxb4 Rxa3 47. Rxb6 Rxe3 48.
Rb7+ Kd8 49. Kg2 Rg3+ 50. Kh2 Nd2 0-1

[Event "Karpos Open 2013"]
[Site "Skopje MKD"]
[Date "2013.03.13"]
[Round "6.59"]
[White "Zemlicka, Vit"]
[Black "Schoorl, Rob"]
[Result "0-1"]
[BlackTitle "FM"]
[WhiteElo "2043"]
[BlackElo "2350"]
[WhiteFideId "303143"]
[BlackFideId "1009508"]
[EventDate "2013.03.09"]

1. e4 e6 2. d4 d5 3. Nc3 Nf6 4. e5 Nfd7 5. f4 c5 6. Nf3 Nc6 7. Be3 Be7 8. Qd2
O-O 9. O-O-O c4 10. f5 b5 11. Nxb5 Rb8 12. fxe6 Rxb5 13. exd7 Bxd7 14. Bxc4 dxc4
15. d5 Nb4 16. d6 c3 17. Qd4 Nxa2+ 18. Kb1 Rxb2+ 19. Ka1 Qa5 20. Qxa7 Nb4+ 0-1

[Event "Karpos Open 2013"]
[Site "Skopje MKD"]
[Date "2013.03.13"]
[Round "6.60"]
[White "Posedaru, Bogdan"]
[Black "Markovski, Velo"]
[Result "1-0"]
[WhiteTitle "FM"]
[WhiteElo "2337"]
[BlackElo "2042"]
[WhiteFideId "1213610"]
[BlackFideId "15002233"]
[EventDate "2013.03.09"]

1. d4 e6 2. c4 f5 3. g3 Bb4+ 4. Nd2 Nf6 5. Bg2 O-O 6. Nf3 Ne4 7. O-O Nxd2 8.
Nxd2 c5 9. a3 Bxd2 10. Qxd2 cxd4 11. Qxd4 Nc6 12. Qd6 Qf6 13. Ra2 a5 14. b3 Ra6
15. Bb2 Qf7 16. Qd2 Ne7 17. Be5 d5 18. Rc2 dxc4 19. Rxc4 Nc6 20. Bxc6 Rxc6 21.
Rxc6 bxc6 22. Qxa5 Qd7 23. Bc3 f4 24. Qe5 Ba6 25. gxf4 Rf5 26. Qe3 Qd5 27. f3
Qxb3 28. Qd4 Rf6 29. Kf2 Qb5 30. Qd2 Qc5+ 31. Bd4 Qd5 32. Qb2 Rxf4 33. Bxg7 Qc5+
34. Kg2 Rf5 35. Bd4 Rg5+ 36. Kh1 Qb5 37. Qd2 Rg6 38. Bc3 Qg5 39. Qxg5 Rxg5 40.
Rf2 Rc5 41. Rg2+ Kf7 42. Rg7+ Ke8 43. Bb4 Rc1+ 44. Kg2 c5 45. Rc7 Bxe2 46. Kf2
Bb5 47. Bd2 Rc2 48. Ke3 Bd7 49. h4 e5 50. h5 Ke7 51. Kd3 Ra2 52. Rxc5 Bf5+ 53.
Ke2 Rxa3 54. Rxe5+ Kf6 55. Rc5 Rb3 56. Kf2 Rb2 57. Ke3 Rb3+ 58. Kf4 Bb1 59. Rc6+
Kf7 60. Kg4 Rb2 61. Bg5 Bd3 62. Rf6+ Ke8 63. Rd6 Bb1 64. Kf4 Rb4+ 65. Kg3 Rb5
66. f4 Bf5 1-0

[Event "Karpos Open 2013"]
[Site "Skopje MKD"]
[Date "2013.03.13"]
[Round "6.61"]
[White "Cabarkapa, Novak"]
[Black "Minas, Ioannis"]
[Result "1-0"]
[WhiteTitle "FM"]
[WhiteElo "2321"]
[BlackElo "2019"]
[WhiteFideId "943746"]
[BlackFideId "4251857"]
[EventDate "2013.03.09"]

1. e4 Nf6 2. e5 Nd5 3. Nc3 e6 4. Nxd5 exd5 5. f4 d6 6. Nf3 Be7 7. d4 Bf5 8. Bd3
Qc8 9. c3 O-O 10. Qc2 Bxd3 11. Qxd3 dxe5 12. dxe5 Rd8 13. f5 Na6 14. Be3 c5 15.
O-O f6 16. e6 Qc6 17. Qc2 Qe8 18. Nh4 d4 19. Bd2 dxc3 20. Bxc3 Nb4 21. Bxb4 cxb4
22. Rfd1 Bd6 23. Kh1 a5 24. Nf3 a4 25. Rd3 b3 26. axb3 a3 27. bxa3 Rxa3 28. Rxa3
Bxa3 29. Rxd8 Qxd8 30. Qd2 Qxd2 31. Nxd2 g6 32. g4 h5 33. h3 hxg4 34. hxg4 gxf5
35. gxf5 Kg7 36. Kg2 Kh6 37. Kf3 Kg5 38. Ke4 b5 39. Nf3+ Kg4 40. Nd4 1-0

[Event "Karpos Open 2013"]
[Site "Skopje MKD"]
[Date "2013.03.13"]
[Round "6.62"]
[White "Bejatovic, Bojana"]
[Black "Csonka, Balazs"]
[Result "0-1"]
[BlackTitle "FM"]
[WhiteElo "2011"]
[BlackElo "2319"]
[WhiteFideId "15000141"]
[BlackFideId "742910"]
[EventDate "2013.03.09"]

1. Nf3 g6 2. c4 Nf6 3. Nc3 Bg7 4. g3 O-O 5. Bg2 d6 6. O-O c6 7. d3 e5 8. Rb1 a5
9. a3 Qe7 10. e4 Na6 11. b4 axb4 12. axb4 Bg4 13. h3 Bxf3 14. Bxf3 Nc7 15. Be3
Ne6 16. Re1 Nd7 17. b5 Ndc5 18. Ne2 Ra3 19. Nc1 h5 20. Nb3 h4 21. Bc1 Ra2 22.
Re2 Raa8 23. bxc6 bxc6 24. Nxc5 dxc5 25. Reb2 Rfd8 26. Bg2 Qf6 27. Be3 Ra3 28.
Bf1 Kh7 29. Qg4 hxg3 30. fxg3 Bh6 31. Bxh6 Kxh6 32. Rf2 Qe7 33. Qf3 Kg7 34. h4
Ra7 35. Bh3 Nd4 36. Qg4 Qe6 37. Qxe6 fxe6 38. Kg2 Rf8 39. Rxf8 Kxf8 40. Rb8+ Ke7
41. Kf2 Ra2+ 42. Kg1 Rd2 43. Rb7+ Kf8 44. Rb8+ Kg7 45. Rb7+ Kh6 46. Re7 Rxd3 47.
Bxe6 Rxg3+ 48. Kf2 Rf3+ 49. Kg2 Rf4 50. Bg8 Rxh4 51. Rxe5 Kg7 52. Re8 Rf4 53.
Bd5 cxd5 54. cxd5 Kf7 55. Re5 Nf3 56. Re6 Ng5 57. Rc6 Nxe4 58. Rc7+ Kf6 59. d6
Rf2+ 60. Kg1 Rd2 61. d7 Ke7 0-1

[Event "Karpos Open 2013"]
[Site "Skopje MKD"]
[Date "2013.03.13"]
[Round "6.63"]
[White "Zupe, Miran"]
[Black "Semsiu, Agim"]
[Result "1-0"]
[WhiteTitle "IM"]
[WhiteElo "2308"]
[BlackElo "2010"]
[WhiteFideId "14600277"]
[BlackFideId "15002888"]
[EventDate "2013.03.09"]

1. e4 c5 2. Nf3 e6 3. c4 Nc6 4. Nc3 e5 5. d3 d6 6. g3 Nd4 7. Nxd4 cxd4 8. Nd5
Nf6 9. Bg5 Be7 10. Nxe7 Kxe7 11. Bg2 h6 12. Bd2 Bg4 13. f3 Be6 14. f4 Qc7 15.
O-O Rhc8 16. Rc1 a5 17. Qf3 Ra6 18. h3 Nh7 19. b3 f6 20. Qh5 Bf7 21. Qg4 Kf8 22.
h4 h5 23. Qe2 Qd7 24. Kh2 Rc7 25. Bf3 Qe8 26. Rg1 Ke7 27. f5 Kd8 28. Rg2 Nf8 29.
Rcg1 g6 30. fxg6 Bxg6 31. Rf2 Rh7 32. Bg2 Qe7 33. Rgf1 Rf7 34. Rxf6 Rxf6 35.
Rxf6 Qxf6 36. Bg5 Nh7 37. Bxf6+ Nxf6 38. Bh3 Ke7 39. Qd2 Ra8 40. c5 1-0

[Event "Karpos Open 2013"]
[Site "Skopje MKD"]
[Date "2013.03.13"]
[Round "6.64"]
[White "Ratkovic, Milovan"]
[Black "Dimov, Daniel"]
[Result "1-0"]
[WhiteElo "2291"]
[BlackElo "2003"]
[WhiteFideId "914525"]
[BlackFideId "15001288"]
[EventDate "2013.03.09"]

1. d4 Nf6 2. c4 e5 3. dxe5 Ng4 4. Nf3 Nc6 5. e3 Bb4+ 6. Nbd2 Ngxe5 7. Be2 Nxf3+
8. gxf3 d5 9. a3 Bc5 10. cxd5 Qxd5 11. b4 Bb6 12. Bb2 f6 13. Bc4 Qf5 14. Qb3 Rf8
15. Rg1 g6 16. Rg4 Bd7 17. Rf4 Qg5 18. Ne4 Qxf4 19. exf4 Bd4 20. O-O-O Bxb2+ 21.
Kxb2 O-O-O 22. Nc5 Bf5 23. Be6+ Kb8 24. Nd7+ 1-0

[Event "Karpos Open 2013"]
[Site "Skopje MKD"]
[Date "2013.03.13"]
[Round "6.65"]
[White "Djoric, Dusan"]
[Black "Milutinovic, Stefana"]
[Result "1-0"]
[WhiteTitle "FM"]
[WhiteElo "2270"]
[BlackElo "2000"]
[WhiteFideId "902136"]
[BlackFideId "942456"]
[EventDate "2013.03.09"]

1. Nf3 Nf6 2. g3 g6 3. Bg2 c5 4. O-O Nc6 5. d4 cxd4 6. Nxd4 Bg7 7. c4 Qb6 8. Nb3
d6 9. Nc3 O-O 10. Bg5 Be6 11. Nd5 Bxd5 12. cxd5 Ne5 13. Be3 Qb5 14. Bd4 Rfd8 15.
Bc3 Rac8 16. a4 Qd7 17. h3 h5 18. Nd4 Rc5 19. e4 Nc4 20. Qd3 Nb6 21. b3 a5 22.
Nb5 Ra8 23. Bd4 1-0

[Event "Karpos Open 2013"]
[Site "Skopje MKD"]
[Date "2013.03.13"]
[Round "6.66"]
[White "Nikolovska, Dragana"]
[Black "Veleski, Robert"]
[Result "0-1"]
[BlackTitle "FM"]
[WhiteElo "1821"]
[BlackElo "2267"]
[WhiteFideId "15000133"]
[BlackFideId "15001008"]
[EventDate "2013.03.09"]

1. e4 Nf6 2. e5 Nd5 3. d4 d6 4. c4 Nb6 5. exd6 exd6 6. Nc3 Be7 7. h3 O-O 8. Bd3
Re8 9. Nge2 Nc6 10. O-O Bf6 11. a3 Nxd4 12. Nxd4 Bxd4 13. Bxh7+ Kxh7 14. Qxd4
Bf5 15. Be3 Rh8 16. Qf4 Be6 17. b3 Kg8 18. Qg3 Nd7 19. Bd4 Rh7 20. Ne4 Qh4 21.
Qe3 Re8 22. Ng5 Rh6 23. Rae1 Nf8 24. f4 Bd7 25. Qd2 Rg6 26. Rxe8 Bxe8 27. Bf2
Qh6 28. h4 Qh5 29. Qe3 Bc6 30. Qe7 Rf6 31. Bd4 Qg4 32. Nf3 Rxf4 33. Qe3 Bxf3 34.
Rxf3 Rxf3 35. Qxf3 Qxd4+ 36. Kf1 Qf6 0-1

[Event "Karpos Open 2013"]
[Site "Skopje MKD"]
[Date "2013.03.13"]
[Round "6.68"]
[White "Konstantinov, Aleksandar2"]
[Black "Vucinic, Gojko"]
[Result "1-0"]
[WhiteElo "1796"]
[BlackElo "2253"]
[WhiteFideId "15000060"]
[BlackFideId "945374"]
[EventDate "2013.03.09"]

1. c4 c5 2. Nc3 Nc6 3. g3 g6 4. Bg2 Bg7 5. d3 e5 6. e4 d6 7. Nge2 Nge7 8. O-O
O-O 9. f4 f5 10. Be3 Be6 11. Nd5 Rb8 12. fxe5 Nxe5 13. Bg5 Bxd5 14. exd5 Qd7 15.
Bc1 b5 16. Nf4 bxc4 17. Ne6 Rfe8 18. Nxg7 Kxg7 19. dxc4 Nxc4 20. b3 Ne5 21. Bb2
Ng8 22. Rc1 Nf6 23. Re1 Neg4 24. Qd2 Rxe1+ 25. Rxe1 Re8 26. h3 Ne5 27. Kh1 Re7
28. Qc3 Qe8 29. Rf1 Qb5 30. g4 fxg4 31. hxg4 Nexg4 32. Qf3 Qe8 33. Qxg4 1-0

[Event "Karpos Open 2013"]
[Site "Skopje MKD"]
[Date "2013.03.13"]
[Round "6.69"]
[White "Nikolaidis, Konstantinos"]
[Black "Asani, Adem"]
[Result "1-0"]
[WhiteTitle "FM"]
[WhiteElo "2248"]
[BlackElo "1944"]
[WhiteFideId "4200578"]
[BlackFideId "906581"]
[EventDate "2013.03.09"]

1. e4 e6 2. d4 d5 3. Nd2 Nf6 4. e5 Ng8 5. Bd3 c5 6. c3 Nc6 7. Ngf3 h6 8. O-O
cxd4 9. cxd4 Nge7 10. Nb3 b6 11. Bd2 Nf5 12. a3 Be7 13. Rc1 Bb7 14. g4 Nh4 15.
Nxh4 Bxh4 16. f4 g6 17. Qe2 O-O 18. f5 exf5 19. gxf5 Bg5 20. f6 Bxd2 21. Qxd2
Kh7 22. e6 fxe6 23. Bxg6+ Kxg6 24. Qd3+ Kf7 25. Qh7+ Ke8 26. Qxb7 Rg8+ 27. Kh1
Kf8 28. Qxc6 Kf7 29. Qb7+ Kg6 30. Rg1+ Kf5 1-0

[Event "Karpos Open 2013"]
[Site "Skopje MKD"]
[Date "2013.03.13"]
[Round "6.71"]
[White "Dimic, Pavle"]
[Black "Stefanov, Emil"]
[Result "1/2-1/2"]
[WhiteTitle "FM"]
[WhiteElo "2212"]
[BlackElo "1893"]
[WhiteFideId "937428"]
[BlackFideId "2914794"]
[EventDate "2013.03.09"]

1. d4 Nf6 2. Nf3 c5 3. d5 b5 4. Bg5 Qb6 5. Bxf6 Qxf6 6. c3 d6 7. e4 a6 8. a4 b4
9. Qc2 bxc3 10. bxc3 Nd7 11. Na3 g5 12. Nc4 Bg7 13. Ra3 g4 14. Nfd2 h5 15. Be2
Qg6 16. Nf1 h4 17. Nfe3 g3 18. hxg3 hxg3 19. Rxh8+ Bxh8 20. f3 Ne5 21. Nb6 Qh6
22. Qc1 Rb8 23. Nxc8 Rxc8 24. Bxa6 c4 25. Ke2 Nd3 26. Qg1 Rb8 27. Bb5+ Kf8 28.
Ng4 Nf4+ 29. Kd2 Qg5 30. Kc2 f5 31. Qh1 Bg7 32. Ne3 fxe4 33. fxe4 Qg6 34. Nf5
Nd3 35. Qh3 Nf4 36. Qxg3 Qxg3 37. Nxg3 Nxg2 38. Bxc4 Ne3+ 39. Kd3 Nd1 1/2-1/2

[Event "Karpos Open 2013"]
[Site "Skopje MKD"]
[Date "2013.03.13"]
[Round "6.74"]
[White "Krstevski, Vlatko"]
[Black "Gjorgjevski, Janco"]
[Result "1/2-1/2"]
[WhiteElo "2154"]
[BlackElo "1909"]
[WhiteFideId "15001237"]
[BlackFideId "15001644"]
[EventDate "2013.03.09"]

1. c4 e6 2. g3 d5 3. cxd5 exd5 4. Bg2 Nf6 5. Nf3 Be7 6. b3 O-O 7. Bb2 c5 8. O-O
Nc6 9. d3 b6 10. Na3 Bb7 11. Nc2 Re8 12. a3 a6 13. Ne3 Bf8 14. Rb1 d4 15. Nc2
Nd5 16. Qd2 Qe7 17. Rfe1 Rad8 18. e3 dxe3 19. Nxe3 Nxe3 20. Rxe3 Qd7 21. Rbe1
Rxe3 22. Rxe3 Na5 23. Qc3 Qb5 24. Nd2 Bxg2 25. Kxg2 Qd7 26. Kg1 Nc6 27. Nc4 Qb7
28. Qe1 Qc7 29. Qe2 b5 30. Ne5 Nd4 31. Qd1 Bd6 32. Nf3 Ne6 33. Qe1 h6 34. Qc3
Qd7 35. d4 cxd4 36. Nxd4 Nxd4 37. Qxd4 Bf8 38. Qxd7 Rxd7 39. Re8 Rd3 40. b4 f6
41. Ra8 Rd2 42. Bc3 Rd3 43. Rc8 Kf7 44. Kf1 Be7 45. Ke2 Rd8 46. Rc7 Ke6 47. Ke3
Rd7 48. Rc8 Rd8 49. Rxd8 Bxd8 50. Bd4 Kd5 51. Kd3 g6 52. h4 1/2-1/2

[Event "Karpos Open 2013"]
[Site "Skopje MKD"]
[Date "2013.03.13"]
[Round "6.75"]
[White "Georgieva, Emilia"]
[Black "Kacakovski, Dimitar"]
[Result "0-1"]
[BlackTitle "FM"]
[WhiteElo "1904"]
[BlackElo "2138"]
[WhiteFideId "2902451"]
[BlackFideId "15000052"]
[EventDate "2013.03.09"]

1. d4 d5 2. Nf3 c5 3. c3 Nf6 4. e3 g6 5. Bd3 Qc7 6. b3 Bg7 7. Bb2 O-O 8. O-O Rd8
9. Ne5 Nc6 10. f4 Ng4 11. Qe1 f6 12. Nf3 e5 13. fxe5 fxe5 14. Ng5 0-1

[Event "Karpos Open 2013"]
[Site "Skopje MKD"]
[Date "2013.03.13"]
[Round "6.76"]
[White "Stosevski, Ilija"]
[Black "Tairi, Asip"]
[Result "1-0"]
[WhiteElo "2136"]
[BlackElo "1898"]
[WhiteFideId "15000761"]
[BlackFideId "15001105"]
[EventDate "2013.03.09"]

1. g3 d5 2. Bg2 e5 3. d3 Nf6 4. Nf3 Nc6 5. Nc3 Bg4 6. Bg5 Be7 7. h3 Be6 8. O-O
h6 9. Bxf6 Bxf6 10. e4 d4 11. Nd5 Qd7 12. c4 Bd8 13. Kh2 O-O 14. b4 f6 15. b5
Ne7 16. Nh4 Bxd5 17. cxd5 g5 18. Nf5 Nxf5 19. exf5 Be7 20. Qh5 Rf7 21. Qg6+ Kf8
22. Be4 1-0